[Event "Prvenstvo SSFBiH 2015"]
[Site "Lukavac"]
[Date "2016.03.31"]
[Round "1.1"]
[White "Jakovljevic, Vlado"]
[Black "Mesic, Vehid"]
[Result "1/2-1/2"]
[WhiteElo "2403"]
[BlackElo "1999"]
[PlyCount "93"]
[EventDate "2016.03.31"]

1. Nf3 Nf6 2. c4 g6 3. d4 Bg7 4. g3 O-O 5. Bg2 c5 6. O-O cxd4 7. Nxd4 Nc6 8.
Nc3 Qb6 9. Nb3 d6 10. Be3 Qd8 11. h3 Ne5 12. Nd2 Be6 13. Nd5 Qd7 14. Kh2 Rfc8
15. Rc1 Bxd5 16. cxd5 Rxc1 17. Qxc1 Rc8 18. Qb1 Qc7 19. Nb3 Qc2 20. Rc1 Qxb1
21. Rxb1 a6 22. Rc1 Rxc1 23. Bxc1 Nc4 24. Nd2 Nxd2 25. Bxd2 Nd7 26. b3 Bd4 27.
e3 Bb2 28. Kg1 f5 29. Kf1 Nc5 30. Ke2 Kf7 31. f4 Kf6 32. e4 e6 33. exf5 exf5
34. b4 Na4 35. Kd3 b5 36. Bf3 Ke7 37. g4 Kf6 38. gxf5 gxf5 39. Bd1 Nb6 40. Bf3
Nc4 41. Bc3+ Bxc3 42. Kxc3 Nb6 43. Kd4 Kg6 44. Bd1 Kh6 45. Be2 Kg6 46. Bf3 h6
47. Be2 1/2-1/2

[Event "Prvenstvo SSFBiH 2015"]
[Site "Lukavac"]
[Date "2016.03.31"]
[Round "1.2"]
[White "Cosovic, Aziz"]
[Black "Boric, Muhamed"]
[Result "0-1"]
[WhiteElo "1995"]
[BlackElo "2394"]
[PlyCount "72"]
[EventDate "2016.03.31"]

1. e4 c5 2. Nf3 d6 3. d4 cxd4 4. Nxd4 Nf6 5. Nc3 a6 6. Be3 e5 7. Nb3 Be6 8. Nd5
Nbd7 9. f3 Bxd5 10. exd5 Be7 11. c4 O-O 12. Bd3 a5 13. O-O a4 14. Nd2 Nh5 15.
g4 Nf4 16. Bc2 a3 17. b3 Bg5 18. Kh1 Nh3 19. Bxg5 Qxg5 20. Ne4 Qe7 21. Ng3 g6
22. Qd2 Nf4 23. Rae1 Rfe8 24. Ne2 Nxe2 25. Rxe2 Qh4 26. g5 Kg7 27. Rg2 h6 28.
Rg4 Qh3 29. gxh6+ Qxh6 30. Qg2 Nf6 31. Rg5 Nh5 32. Rg1 Nf4 33. Qd2 Rh8 34. R5g3
b5 35. Rf1 Qh4 36. Rf2 Qxg3 0-1

[Event "Prvenstvo SSFBiH 2015"]
[Site "Lukavac"]
[Date "2016.03.31"]
[Round "1.3"]
[White "Buljubasic, Sabahudin"]
[Black "Kasumovic, Muhidin"]
[Result "1-0"]
[WhiteElo "2342"]
[BlackElo "1989"]
[PlyCount "55"]
[EventDate "2016.03.31"]

1. e4 Nc6 2. Nf3 d5 3. exd5 Qxd5 4. Nc3 Qa5 5. Bb5 a6 6. Bxc6+ bxc6 7. Qe2 f6
8. Qc4 Bd7 9. O-O h5 10. Re1 Nh6 11. Nd4 Nf5 12. b4 Nd6 13. Qxc6 Bxc6 14. bxa5
Bd7 15. Nb3 h4 16. d3 Rh5 17. Bd2 Kd8 18. f4 e6 19. Re2 c5 20. Ne4 c4 21. dxc4
Nxc4 22. Bc3 Rd5 23. Be1 Be7 24. Bxh4 Nxa5 25. Bf2 Ke8 26. Nc3 Nxb3 27. Nxd5
exd5 28. Rae1 1-0

[Event "Prvenstvo SSFBiH 2015"]
[Site "Lukavac"]
[Date "2016.03.31"]
[Round "1.4"]
[White "Sabic, Muris"]
[Black "Trkulja, Goran"]
[Result "0-1"]
[WhiteElo "1983"]
[BlackElo "2311"]
[PlyCount "86"]
[EventDate "2016.03.31"]

1. e4 c5 2. Nf3 e6 3. d4 cxd4 4. Nxd4 a6 5. Bd3 Qc7 6. O-O Nc6 7. Nxc6 dxc6 8.
f4 e5 9. f5 Bc5+ 10. Kh1 Nf6 11. Qf3 h5 12. Be3 Qb6 13. Bxc5 Qxc5 14. Nd2 h4
15. Nb3 Qe7 16. Kg1 b6 17. a4 a5 18. Qe3 c5 19. Bb5+ Bd7 20. c4 Bxb5 21. axb5
Qb7 22. Rae1 Rd8 23. Qc3 O-O 24. Qxe5 Rfe8 25. Qf4 Rxe4 26. Rxe4 Qxe4 27. Qxe4
Nxe4 28. Re1 Nd6 29. Rd1 Kf8 30. Rd5 Ke7 31. Re5+ Kf6 32. Rd5 Nb7 33. Rxd8 Nxd8
34. Nc1 Kxf5 35. Ne2 Ke4 36. Nc3+ Kd3 37. Nd5 Kxc4 38. Nxb6+ Kxb5 39. Nd7 c4
40. Kf2 a4 41. Ne5 c3 42. bxc3 a3 43. c4+ Ka4 0-1

[Event "Prvenstvo SSFBiH 2015"]
[Site "Lukavac"]
[Date "2016.03.31"]
[Round "1.5"]
[White "Vajic, Goran"]
[Black "Ruznic, Ramiz"]
[Result "1-0"]
[WhiteElo "2306"]
[BlackElo "1980"]
[PlyCount "43"]
[EventDate "2016.03.31"]

1. e4 e6 2. d4 d5 3. e5 c5 4. c3 Nc6 5. Nf3 Qb6 6. Bd3 Bd7 7. O-O Rc8 8. Nbd2
a5 9. a3 f5 10. dxc5 Bxc5 11. b4 Be7 12. b5 Nd8 13. c4 Nh6 14. cxd5 exd5 15.
Nb3 Bxb5 16. Bxb5+ Qxb5 17. Bxh6 gxh6 18. Nfd4 Qb6 19. Nxf5 a4 20. Nbd4 Rc4 21.
Rc1 Bxa3 22. Rxc4 1-0

[Event "Prvenstvo SSFBiH 2015"]
[Site "Lukavac"]
[Date "2016.03.31"]
[Round "1.6"]
[White "Atlic, Mirza"]
[Black "Sutkovic, Damir"]
[Result "0-1"]
[WhiteElo "1960"]
[BlackElo "2304"]
[PlyCount "90"]
[EventDate "2016.03.31"]

1. e4 c5 2. Nf3 e6 3. c4 d6 4. d4 cxd4 5. Nxd4 Nf6 6. Nc3 a6 7. Be3 Be7 8. Be2
O-O 9. O-O Nc6 10. Qd2 Bd7 11. Rfd1 Rc8 12. f3 Ne5 13. b3 Qc7 14. Rac1 Qb8 15.
Kh1 Rfd8 16. Bf1 h5 17. Qf2 Ng6 18. Nde2 b5 19. Nf4 Nxf4 20. Bxf4 b4 21. Ne2 e5
22. Be3 Be6 23. Rd2 Rc6 24. Rcd1 g6 25. g3 a5 26. Bg2 Ra6 27. h3 a4 28. Nc1
axb3 29. axb3 Rc8 30. Bf1 Ra3 31. Bg5 Nxe4 32. fxe4 Bxg5 33. Rd3 Rc6 34. h4 Be7
35. Be2 Qa7 36. Qe1 Qa5 37. Bf3 Ra6 38. Qe3 Kg7 39. R3d2 Bxc4 40. g4 Qc5 41.
Qe1 Bxb3 42. Nd3 Bxd1 43. Nxc5 Bxf3+ 44. Kh2 dxc5 45. gxh5 Bxh5 0-1

[Event "Prvenstvo SSFBiH 2015"]
[Site "Lukavac"]
[Date "2016.03.31"]
[Round "1.7"]
[White "Mrndjic, Muamer"]
[Black "Harcin, Amer"]
[Result "1-0"]
[WhiteElo "2261"]
[BlackElo "1953"]
[PlyCount "63"]
[EventDate "2016.03.31"]

1. d4 Nf6 2. c4 g6 3. Nc3 d5 4. Nf3 Bg7 5. cxd5 Nxd5 6. e4 Nxc3 7. bxc3 c5 8.
Bc4 Qa5 9. Qb3 O-O 10. O-O Nc6 11. Be3 Qc7 12. dxc5 Na5 13. Qb4 Nxc4 14. Qxc4
Be6 15. Qb4 a5 16. Qa3 Bc4 17. Rfe1 Rfd8 18. Bd4 e5 19. Be3 Rac8 20. Rad1 Bf8
21. Qa4 Ba6 22. h4 Bxc5 23. Rd5 Bxe3 24. Rxe3 b5 25. Qa3 Rxd5 26. exd5 f6 27.
Nd2 Kf7 28. Ne4 Rd8 29. Rf3 Kg7 30. Rxf6 Bb7 31. Re6 Rd7 32. Nf6 1-0

[Event "Prvenstvo SSFBiH 2015"]
[Site "Lukavac"]
[Date "2016.03.31"]
[Round "1.8"]
[White "Hadziselimovic, Bernardina"]
[Black "Budimir, Boris"]
[Result "0-1"]
[WhiteElo "1947"]
[BlackElo "2249"]
[PlyCount "126"]
[EventDate "2016.03.31"]

1. e4 c5 2. Nc3 Nc6 3. g3 g6 4. Bg2 Bg7 5. f4 d6 6. Nf3 Nd4 7. O-O Bg4 8. d3 e6
9. Be3 Ne7 10. Qd2 O-O 11. Rae1 Nec6 12. Nd1 d5 13. e5 Bxf3 14. Bxf3 Nxf3+ 15.
Rxf3 d4 16. Bf2 Qd5 17. Qe2 Qxa2 18. c4 a5 19. g4 a4 20. Bh4 a3 21. bxa3 Qxe2
22. Rxe2 Rxa3 23. Rb2 Ra1 24. Rf1 Nb4 25. Nf2 Rfa8 26. Rxa1 Rxa1+ 27. Kg2 h6
28. Kf3 Kf8 29. Ke2 Ke8 30. Ne4 Bf8 31. Nf6+ Kd8 32. Nd5+ Kc8 33. Nxb4 cxb4 34.
Be1 Kc7 35. Bxb4 Bxb4 36. Rxb4 Ra2+ 37. Kf3 Rxh2 38. Ke4 Rh4 39. Kxd4 Rxg4 40.
Ke3 h5 41. Kf3 Rg1 42. Rb2 h4 43. Rh2 Rg3+ 44. Ke4 h3 45. d4 Rc3 46. Rh1 Kb6
47. Rh2 Ka5 48. c5 Kb4 49. Rb2+ Rb3 50. Rc2 Rg3 51. Rh2 Kc3 52. d5 exd5+ 53.
Kxd5 Rd3+ 54. Ke4 Kc4 55. Rc2+ Rc3 56. Rh2 Kxc5 57. f5 gxf5+ 58. Kxf5 b5 59.
Rf2 b4 60. Ke4 b3 61. Rxf7 h2 62. Rh7 b2 63. Rc7+ Kb6 0-1

[Event "Prvenstvo SSFBiH 2015"]
[Site "Lukavac"]
[Date "2016.03.31"]
[Round "1.9"]
[White "Obad, Andrija"]
[Black "Zenelaj, Fisnik"]
[Result "1-0"]
[WhiteElo "2238"]
[BlackElo "1942"]
[PlyCount "193"]
[EventDate "2016.03.31"]

1. e4 c5 2. Nf3 d6 3. d4 cxd4 4. Nxd4 Nf6 5. Nc3 a6 6. Bg5 e6 7. f4 Be7 8. Qf3
e5 9. Nde2 Nc6 10. O-O-O Be6 11. Nd5 Qa5 12. Nxe7 Nxe7 13. a3 Rc8 14. Bxf6 gxf6
15. f5 Bd7 16. Nc3 Qc5 17. Rd2 b5 18. Be2 b4 19. axb4 Qxb4 20. Na2 Qa5 21. Qa3
Qxa3 22. bxa3 d5 23. exd5 Bxf5 24. Bxa6 Rc5 25. Nb4 Be4 26. Rhd1 Nf5 27. Bd3
Bxd3 28. Rxd3 Nd4 29. Kb2 Kd7 30. Rf1 Rg8 31. g3 Rg6 32. c3 Nb5 33. Rdf3 Ke7
34. Nc6+ Kd6 35. Nb4 Ke7 36. Kb3 Nd6 37. Nc6+ Ke8 38. Nb4 Nc4 39. Rd3 Na5+ 40.
Ka2 Nc4 41. a4 Ke7 42. Rfd1 Kd6 43. Kb3 Na5+ 44. Kc2 Rg4 45. Kb2 Nc4+ 46. Ka2
Re4 47. Rf1 Re2+ 48. Ka1 Ra5 49. Rxf6+ Kd7 50. Ra6 Rc5 51. d6 Re1+ 52. Ka2 Re2+
53. Kb1 e4 54. Ra7+ Kd8 55. Ra8+ Kd7 56. Ra7+ Kd8 57. Rd1 Na3+ 58. Ka1 e3 59.
Ra8+ Kd7 60. Ra7+ Kd8 61. Ra8+ Kd7 62. Ra7+ Kd8 63. Rd3 Re1+ 64. Ka2 Nc4 65.
Ra8+ Kd7 66. Ra7+ Kd8 67. d7 Re2+ 68. Kb1 Re1+ 69. Kc2 Re2+ 70. Kc1 Re1+ 71.
Kc2 Re2+ 72. Kd1 Rd2+ 73. Ke1 Rxd3 74. Nxd3 Rd5 75. Ke2 Nb6 76. Nb4 Rc5 77.
Kxe3 Rxc3+ 78. Nd3 Nxd7 79. Kd4 Ra3 80. Nc5 Nxc5 81. Kxc5 Ke8 82. a5 Ra2 83.
Kd6 Kf8 84. Ra8+ Kg7 85. a6 Rxh2 86. Rc8 Ra2 87. Rc6 h5 88. Kc7 Ra3 89. Kb7
Rxg3 90. a7 Ra3 91. Ra6 Rb3+ 92. Kc7 Rc3+ 93. Kb7 Rb3+ 94. Kc6 Rc3+ 95. Kd5 Rc8
96. a8=Q Rxa8 97. Rxa8 1-0

[Event "Prvenstvo SSFBiH 2015"]
[Site "Lukavac"]
[Date "2016.03.31"]
[Round "1.10"]
[White "Cabric, Izet"]
[Black "Trumic, Enes"]
[Result "0-1"]
[WhiteElo "1934"]
[BlackElo "2232"]
[PlyCount "92"]
[EventDate "2016.03.31"]

1. c4 e5 2. Nc3 Nf6 3. g3 Be7 4. Bg2 O-O 5. e3 c6 6. Nge2 d5 7. cxd5 cxd5 8. d4
e4 9. O-O Nc6 10. a3 Bf5 11. b4 Qd7 12. Qb3 Rac8 13. Nf4 Rfd8 14. f3 exf3 15.
Bxf3 Be4 16. Nxe4 dxe4 17. Bg2 Qd6 18. Bb2 Rc7 19. Rac1 Bf8 20. Ne2 Re7 21. Nc3
Ng4 22. Nxe4 Qh6 23. h4 Qxe3+ 24. Qxe3 Nxe3 25. Rf4 Nxg2 26. Kxg2 Red7 27. Ng5
f6 28. Ne6 Re8 29. Nxf8 Kxf8 30. Kf3 Rde7 31. b5 Re3+ 32. Kg4 Ne7 33. Rc5 b6
34. Rh5 Kg8 35. Bc1 Rd3 36. Bb2 g6 37. Rh6 f5+ 38. Kh3 Nd5 39. Rf2 Ree3 40. h5
Kg7 41. hxg6 Rxg3+ 42. Kh2 Kxh6 43. Rxf5 Rh3+ 44. Kg1 Rdg3+ 45. Kf2 Ne3 46. Bc1
Rg2+ 0-1

[Event "Prvenstvo SSFBiH 2015"]
[Site "Lukavac"]
[Date "2016.03.31"]
[Round "1.11"]
[White "Rosic, Slavko S"]
[Black "Softic, Kasim"]
[Result "1/2-1/2"]
[WhiteElo "2230"]
[BlackElo "1886"]
[PlyCount "52"]
[EventDate "2016.03.31"]

1. e4 e5 2. Nf3 Nc6 3. Bc4 Be7 4. O-O Nf6 5. Re1 O-O 6. c3 Nxe4 7. Rxe4 d5 8.
Bxd5 Qxd5 9. d3 Bf5 10. Re3 Bc5 11. d4 exd4 12. cxd4 Bxd4 13. Nc3 Qd7 14. Re1
Bxc3 15. bxc3 Qxd1 16. Rxd1 Rad8 17. Bf4 Rc8 18. h3 h6 19. g4 Be6 20. Rd2 Na5
21. Ne5 Rfd8 22. Rad1 Rxd2 23. Rxd2 c6 24. a3 Bd5 25. h4 f6 26. Ng6 Re8 1/2-1/2

[Event "Prvenstvo SSFBiH 2015"]
[Site "Lukavac"]
[Date "2016.03.31"]
[Round "1.12"]
[White "Mujacic, Haris"]
[Black "Nurkic, Husein"]
[Result "1/2-1/2"]
[WhiteElo "1853"]
[BlackElo "2218"]
[PlyCount "131"]
[EventDate "2016.03.31"]

1. d4 d5 2. Bf4 Nf6 3. e3 c5 4. c3 Qb6 5. Qc2 Nc6 6. Nd2 Bg4 7. Ngf3 e6 8. dxc5
Bxc5 9. Bd3 Bh5 10. O-O Be7 11. h3 O-O 12. Qb3 Qxb3 13. axb3 Nd7 14. g4 Bg6 15.
Bxg6 hxg6 16. Bg3 f5 17. c4 dxc4 18. bxc4 e5 19. Kg2 a6 20. Nb3 Kf7 21. Rfd1
Ke6 22. Na5 Nd8 23. Rxd7 Kxd7 24. Nxe5+ Ke6 25. Nxg6 Rf7 26. Rd1 fxg4 27. hxg4
Bb4 28. f4 Rf6 29. f5+ Kf7 30. Rd7+ Kg8 31. Nxb7 Nxb7 32. Rxb7 Bc5 33. e4 Rf7
34. Rxf7 Kxf7 35. e5 Rd8 36. e6+ Ke8 37. Be5 Bd4 38. Kf3 Bxe5 39. Nxe5 Rb8 40.
Nd3 Ke7 41. b4 Kf6 42. Kf4 Rd8 43. g5+ Ke7 44. Ke4 Kd6 45. Nc5 Ra8 46. f6 a5
47. Nb7+ Kxe6 48. Nxa5 gxf6 49. gxf6 Rh8 50. Kd4 Kxf6 51. b5 Ke6 52. Kc5 Kd7
53. Kb6 Rb8+ 54. Kc5 Kc7 55. Nc6 Rh8 56. Ne5 Rh5 57. Kd5 Kb6 58. Kd6 Rh6+ 59.
Kd5 Rh5 60. Kd6 Rh6+ 61. Kd5 Rh1 62. Nd7+ Kc7 63. Ne5 Kb6 64. Nd7+ Kc7 65. Ne5
Kb6 66. Nd7+ 1/2-1/2

[Event "Prvenstvo SSFBiH 2015"]
[Site "Lukavac"]
[Date "2016.03.31"]
[Round "1.13"]
[White "Bucan, Eldin"]
[Black "Lapo, Safet"]
[Result "1-0"]
[WhiteElo "2172"]
[BlackElo "1821"]
[PlyCount "51"]
[EventDate "2016.03.31"]

1. e4 d6 2. d4 Nf6 3. Nc3 c6 4. Be3 g6 5. f3 Nbd7 6. Qd2 Bg7 7. Bh6 O-O 8. h4
Bxh6 9. Qxh6 Kh8 10. g4 Ng8 11. Qd2 Kg7 12. h5 b6 13. Nge2 e6 14. O-O-O a5 15.
Ng3 Qe7 16. f4 b5 17. hxg6 fxg6 18. f5 Nb6 19. Qh2 Qg5+ 20. Kb1 h6 21. Bd3 Nf6
22. fxg6 Nxg4 23. Nh5+ Kg8 24. Qxd6 Bd7 25. e5 b4 26. Ne4 1-0

[Event "Prvenstvo SSFBiH 2015"]
[Site "Lukavac"]
[Date "2016.03.31"]
[Round "1.14"]
[White "Mujcinovic, Muharem"]
[Black "Bajramovic, Halid"]
[Result "0-1"]
[WhiteElo "1783"]
[BlackElo "2163"]
[PlyCount "90"]
[EventDate "2016.03.31"]

1. e4 d6 2. d4 g6 3. Nf3 Bg7 4. c3 Nf6 5. e5 dxe5 6. Nxe5 O-O 7. Be2 c5 8. Nf3
cxd4 9. Nxd4 Nbd7 10. O-O a6 11. a4 Nc5 12. Nd2 e5 13. N4b3 Nd3 14. Bxd3 Qxd3
15. Nf3 Qf5 16. h3 b6 17. Qe2 Re8 18. Nbd2 Bb7 19. Nc4 Bxf3 20. Qxf3 Qe6 21.
Qe2 Nd5 22. Na3 f5 23. Re1 e4 24. Nc2 Qf7 25. Ne3 Nf4 26. Qc4 Nd3 27. Qxf7+
Kxf7 28. Rd1 Ke6 29. Nc4 b5 30. Nb6 Rab8 31. a5 Bf8 32. b4 Bg7 33. Bd2 Rb7 34.
Ra3 Rc7 35. f3 Rd8 36. fxe4 fxe4 37. Be3 Bxc3 38. Bc5 Bd4+ 39. Bxd4 Rxd4 40.
Rb3 Ke5 41. Kh2 Nc1 42. Rxd4 Kxd4 43. Rb1 e3 44. Kg3 e2 45. Kf2 Rf7+ 0-1

[Event "Prvenstvo SSFBiH 2015"]
[Site "Lukavac"]
[Date "2016.03.31"]
[Round "1.15"]
[White "Salkic, Mahir"]
[Black "Nukic, Farik"]
[Result "1-0"]
[WhiteElo "2137"]
[BlackElo "1762"]
[PlyCount "79"]
[EventDate "2016.03.31"]

1. Nf3 Nf6 2. d4 d5 3. c4 c6 4. Nc3 e6 5. Bg5 Be7 6. e3 Nbd7 7. Qc2 O-O 8. cxd5
exd5 9. Bd3 Re8 10. O-O b6 11. Ne5 Nxe5 12. dxe5 Ng4 13. Bxh7+ Kh8 14. Bf4 Bf8
15. Bd3 Nxe5 16. Bxe5 Rxe5 17. Qe2 Qh4 18. g3 Qh3 19. f4 Bg4 20. Qf2 Rxe3 21.
Qxe3 Bc5 22. Qxc5 bxc5 23. Rae1 c4 24. Bc2 d4 25. Ne4 Bf5 26. Ng5 Qh5 27. Bxf5
f6 28. g4 Qh4 29. Nf3 Qh6 30. Nxd4 g6 31. Bd7 Qf8 32. Ne6 Qb4 33. Re3 Qxb2 34.
Rh3+ Kg8 35. Rh6 f5 36. Rxg6+ Kh7 37. gxf5 Rg8 38. Ng5+ Kh8 39. Rh6+ Kg7 40.
Rh7+ 1-0

[Event "Prvenstvo SSFBiH 2015"]
[Site "Lukavac"]
[Date "2016.03.31"]
[Round "1.16"]
[White "Abdic, Husnija"]
[Black "Sinanovic, Ermin"]
[Result "0-1"]
[WhiteElo "1757"]
[BlackElo "2118"]
[PlyCount "56"]
[EventDate "2016.03.31"]

1. d4 Nf6 2. c4 e5 3. dxe5 Ng4 4. Nf3 Bc5 5. e3 Nc6 6. Be2 Ngxe5 7. Nc3 O-O 8.
a3 d6 9. b4 Bb6 10. Nd5 Nxf3+ 11. Bxf3 Ne5 12. Be2 Re8 13. Nxb6 axb6 14. Bb2
Qg5 15. Kf1 Bg4 16. h4 Qf5 17. Rc1 Bxe2+ 18. Qxe2 Nd3 19. Qc2 Rxe3 20. Kg1 Re4
21. Rh3 Nxc1 22. Qxc1 Rae8 23. Bc3 Rxc4 24. Rg3 f6 25. h5 Re2 26. Rf3 Qe5 27.
Rg3 d5 28. Qa1 d4 0-1

[Event "Prvenstvo SSFBiH 2015"]
[Site "Lukavac"]
[Date "2016.03.31"]
[Round "1.17"]
[White "Nezirovic, Ozren"]
[Black "Mutapcic, Nijaz"]
[Result "1-0"]
[WhiteElo "2082"]
[BlackElo "1753"]
[PlyCount "40"]
[EventDate "2016.03.31"]

1. e4 c5 2. Nf3 f6 3. d4 e6 4. Nc3 g6 5. Bc4 Ne7 6. d5 Bg7 7. Be3 exd5 8. exd5
d6 9. Qd2 O-O 10. h3 a6 11. a3 Nf5 12. O-O h5 13. Nh2 h4 14. Bf4 g5 15. Be3
Nxe3 16. Qxe3 Re8 17. Qf3 Qd7 18. Rae1 Qf7 19. Rxe8+ Qxe8 20. Ng4 Kf7 1-0

[Event "Prvenstvo SSFBiH 2015"]
[Site "Lukavac"]
[Date "2016.03.31"]
[Round "1.18"]
[White "Zenelaj, Samuel"]
[Black "Dugonjic, Dragan"]
[Result "1/2-1/2"]
[WhiteElo "1691"]
[BlackElo "2079"]
[PlyCount "141"]
[EventDate "2016.03.31"]

1. e4 c6 2. d4 d5 3. Nc3 Nf6 4. e5 Nfd7 5. f4 Nb6 6. Nf3 Bg4 7. h3 Bxf3 8. Qxf3
e6 9. Bd2 c5 10. dxc5 Bxc5 11. O-O-O Nc6 12. a3 a6 13. Be3 Bxe3+ 14. Qxe3 Qc7
15. Qg3 g6 16. Qh4 Qe7 17. Qxe7+ Kxe7 18. g4 g5 19. fxg5 Rag8 20. h4 Nxe5 21.
Be2 h6 22. gxh6 Nxg4 23. h7 Rxh7 24. Rhg1 Rxh4 25. Rd4 f5 26. Rb4 Nc4 27. Rxb7+
Kf6 28. Bxc4 dxc4 29. Rc7 Nh6 30. Rxg8 Nxg8 31. Rc6 a5 32. Rc5 e5 33. Nd5+ Ke6
34. Ne3 Re4 35. Kd2 f4 36. Nxc4 Ne7 37. Kd3 Rd4+ 38. Ke2 Rd5 39. Rxa5 Rxa5 40.
Nxa5 e4 41. Nc4 Kd5 42. Nd2 e3 43. Nf3 Ke4 44. Ng5+ Kf5 45. Nf3 Ke4 46. Ng5+
Kf5 47. Nf3 Kg4 48. Nd4 Kg3 49. c4 Kg2 50. c5 Nc6 51. Nf3 Na5 52. Nh4+ Kg3 53.
Nf5+ Kg4 54. Nxe3+ fxe3 55. Kxe3 Kf5 56. Kd4 Ke6 57. b4 Nc6+ 58. Kc4 Kd7 59. b5
Ne5+ 60. Kd5 Nd3 61. a4 Kc7 62. a5 Nb4+ 63. Kc4 Nc2 64. a6 Ne3+ 65. Kb4 Nd5+
66. Ka5 Kb8 67. b6 Ka8 68. c6 Kb8 69. a7+ Ka8 70. Ka6 Nxb6 71. Kxb6 1/2-1/2

[Event "Prvenstvo SSFBiH 2015"]
[Site "Lukavac"]
[Date "2016.03.31"]
[Round "1.19"]
[White "Coric, Ahmed"]
[Black "Brcaninovic, Enes"]
[Result "1-0"]
[WhiteElo "2079"]
[BlackElo "1671"]
[PlyCount "53"]
[EventDate "2016.03.31"]

1. e4 e5 2. Nf3 Nc6 3. d4 exd4 4. Nxd4 Nf6 5. Nxc6 bxc6 6. Bd3 Bc5 7. O-O O-O
8. Bg5 Be7 9. Be3 d6 10. h3 d5 11. e5 Nd7 12. f4 Nc5 13. f5 Nxd3 14. Qxd3 Bg5
15. Nd2 Bxe3+ 16. Qxe3 Ba6 17. f6 gxf6 18. Rxf6 Re8 19. Qf4 Qe7 20. Re1 Bb5 21.
Nf3 Rf8 22. Qh6 Qc5+ 23. Re3 Qxc2 24. Ne1 Qc5 25. Kh2 Kh8 26. Rg3 Rg8 27. Rxf7
1-0

[Event "Prvenstvo SSFBiH 2015"]
[Site "Lukavac"]
[Date "2016.03.31"]
[Round "1.20"]
[White "Kustura, Hajrudin"]
[Black "Pasalic, Adnan"]
[Result "0-1"]
[WhiteElo "1616"]
[BlackElo "2064"]
[PlyCount "78"]
[EventDate "2016.03.31"]

1. e4 e6 2. d4 d5 3. Bd3 Nf6 4. Bg5 Be7 5. e5 Nfd7 6. Bxe7 Qxe7 7. c3 c5 8. Qg4
f5 9. exf6 Nxf6 10. Qh4 O-O 11. Ne2 Nc6 12. O-O e5 13. dxc5 Qxc5 14. Nd2 e4 15.
Nb3 Qb6 16. Bc2 Ne5 17. a4 Nc4 18. a5 Qc7 19. Rfb1 Ng4 20. Qg3 Qxg3 21. fxg3
Rf2 22. Nbd4 Nce3 23. Nf4 g5 24. h3 gxf4 25. hxg4 fxg3 26. Bb3 Rxg2+ 27. Kh1
Rh2+ 28. Kg1 Bxg4 29. Re1 Bf3 30. Nxf3 exf3 31. Rxe3 f2+ 32. Kf1 Rh1+ 33. Kg2
Rxa1 34. Rxg3+ Kh8 35. Kxf2 Rxa5 36. Rd3 Rd8 37. c4 d4 38. Bc2 Re5 39. Rh3 Rf8+
0-1

[Event "Prvenstvo SSFBiH 2015"]
[Site "Lukavac"]
[Date "2016.03.31"]
[Round "1.21"]
[White "Arnaut, Armin"]
[Black "Mikic, Ivana"]
[Result "1-0"]
[WhiteElo "2048"]
[BlackElo "1595"]
[PlyCount "59"]
[EventDate "2016.03.31"]

1. e4 e5 2. Nf3 Nc6 3. Bb5 a6 4. Ba4 Nf6 5. O-O Be7 6. Re1 b5 7. Bb3 d6 8. c3
Na5 9. Bc2 c5 10. h3 O-O 11. d4 Qc7 12. d5 c4 13. Nbd2 Nb7 14. Nf1 Nc5 15. Ng3
Re8 16. Nh2 g6 17. Qf3 Qd8 18. b4 cxb3 19. axb3 Bd7 20. b4 Nb7 21. Bd2 a5 22.
Bd3 Qc7 23. Qe2 Qb6 24. Be3 Qa6 25. c4 Nd8 26. cxb5 Qb7 27. bxa5 Qb8 28. a6 Qc7
29. Rec1 Qb8 30. b6 1-0

[Event "Prvenstvo SSFBiH 2015"]
[Site "Lukavac"]
[Date "2016.03.31"]
[Round "1.22"]
[White "Mesic, Ismet"]
[Black "Salkic, Midhat"]
[Result "0-1"]
[WhiteElo "1353"]
[BlackElo "2028"]
[PlyCount "88"]
[EventDate "2016.03.31"]

1. d4 Nf6 2. c4 e5 3. e3 exd4 4. exd4 Bb4+ 5. Nc3 O-O 6. a3 Bxc3+ 7. bxc3 Re8+
8. Be3 d5 9. h3 Bf5 10. Nf3 c6 11. cxd5 Nxd5 12. Qd2 Qe7 13. Ne5 f6 14. Ng4
Bxg4 15. hxg4 Nxe3 16. Qxe3 Qf7 17. Bd3 Rxe3+ 18. fxe3 h6 19. Kd2 Nd7 20. Rab1
Qa2+ 21. Bc2 Nb6 22. Ra1 Qd5 23. Rhg1 Re8 24. Rab1 Nc4+ 25. Kc1 Qa5 26. Rb3 Qg5
27. Re1 Rxe3 28. Rd1 Re1+ 29. Kb1 Rxd1+ 30. Bxd1 Nd2+ 31. Kb2 Nxb3 32. Bxb3+
Kf8 33. a4 a5 34. Be6 Qd2+ 35. Kb3 Qd1+ 36. Ka3 Qc2 37. Bf5 Qxc3+ 38. Ka2 Qxd4
39. Kb3 b5 40. axb5 cxb5 41. Kc2 a4 42. Kb1 a3 43. Kc2 a2 44. g3 a1=Q 0-1

[Event "Prvenstvo SSFBiH 2015"]
[Site "Lukavac"]
[Date "2016.04.01"]
[Round "2.1"]
[White "Boric, Muhamed"]
[Black "Salkic, Mahir"]
[Result "1/2-1/2"]
[WhiteElo "2394"]
[BlackElo "2137"]
[PlyCount "33"]
[EventDate "2016.03.31"]

1. d4 Nf6 2. Nf3 g6 3. Nc3 d5 4. Bf4 Bg7 5. e3 O-O 6. Nb5 Na6 7. c4 c6 8. Nc3
Qa5 9. Bd3 Nb4 10. Be2 dxc4 11. Bxc4 Nbd5 12. Bxd5 Nxd5 13. Be5 Bg4 14. Bxg7
Bxf3 15. gxf3 Nxc3 16. Qd2 Kxg7 17. Qxc3 1/2-1/2

[Event "Prvenstvo SSFBiH 2015"]
[Site "Lukavac"]
[Date "2016.04.01"]
[Round "2.2"]
[White "Bajramovic, Halid"]
[Black "Buljubasic, Sabahudin"]
[Result "0-1"]
[WhiteElo "2163"]
[BlackElo "2342"]
[PlyCount "89"]
[EventDate "2016.03.31"]

1. d4 Nf6 2. c4 g6 3. g3 Bg7 4. Bg2 d5 5. Nc3 dxc4 6. Qa4+ Nfd7 7. e3 c6 8.
Qxc4 Nb6 9. Qe2 Be6 10. Qd1 Na6 11. Nge2 O-O 12. O-O Re8 13. b3 Nb4 14. Bb2 Bf5
15. e4 Bg4 16. a3 Na6 17. Ra2 Qd7 18. Ba1 Rad8 19. Rd2 Bh6 20. Rd3 Nc5 21. Re3
Bxe3 22. fxe3 Qe6 23. b4 Ncd7 24. h3 Bxe2 25. Qxe2 Rf8 26. e5 f5 27. h4 Ra8 28.
Bf3 Qc4 29. Qd2 Rad8 30. Qc1 Ra8 31. Rd1 a5 32. b5 cxb5 33. Be2 Qb3 34. Bxb5
Rfd8 35. a4 Rac8 36. e4 fxe4 37. Rf1 Rf8 38. Qe3 Rxf1+ 39. Bxf1 Qa3 40. Qe1
Nxa4 41. Nxe4 Rc1 42. Qxa5 Qe3+ 43. Kh2 Qxe4 44. Qxa4 Rxf1 45. Qb3+ 0-1

[Event "Prvenstvo SSFBiH 2015"]
[Site "Lukavac"]
[Date "2016.04.01"]
[Round "2.3"]
[White "Trkulja, Goran"]
[Black "Nezirovic, Ozren"]
[Result "1-0"]
[WhiteElo "2311"]
[BlackElo "2082"]
[PlyCount "143"]
[EventDate "2016.03.31"]

1. e4 e5 2. Nf3 Nc6 3. Bb5 Nge7 4. O-O g6 5. c3 a6 6. Ba4 Bg7 7. d4 exd4 8.
cxd4 b5 9. Bb3 O-O 10. Nc3 d6 11. h3 h6 12. a3 Na5 13. Ba2 c5 14. dxc5 dxc5 15.
Qxd8 Rxd8 16. Be3 Nb7 17. Rad1 Be6 18. Bxe6 fxe6 19. e5 Nf5 20. Rde1 Rd3 21.
Bc1 Rad8 22. Ne4 Kf7 23. Be3 c4 24. g4 Ne7 25. Kg2 Nc6 26. Bf4 Nd4 27. Nxd4
R3xd4 28. Bg3 a5 29. f4 b4 30. axb4 axb4 31. Bh4 Rc8 32. Bf2 Rd5 33. Ra1 Bf8
34. Ra7 Rc7 35. Bb6 Rcd7 36. Re1 Rb5 37. Bf2 c3 38. bxc3 b3 39. Rb1 Be7 40. Bd4
Ke8 41. Nd2 Na5 42. Rxd7 Kxd7 43. c4 Rb7 44. c5 Nc6 45. Rxb3 Rxb3 46. Nxb3 Nxd4
47. Nxd4 Bxc5 48. Nb3 Be7 49. Kf3 Ba3 50. Ke4 Be7 51. Nd4 Bh4 52. f5 gxf5+ 53.
gxf5 exf5+ 54. Kxf5 Ke7 55. Nf3 Bf2 56. h4 Be3 57. h5 Kf8 58. Ke4 Bc1 59. Kd5
Ke7 60. Nd4 Bg5 61. Ke4 Bd2 62. Kf5 Be3 63. Nc6+ Kd7 64. Nb4 Bg5 65. Nd5 Kc6
66. Ke6 Bh4 67. Nf6 Bg5 68. Ng4 Bf4 69. Kf7 Kd5 70. e6 Bg5 71. Nxh6 Ke5 72. Ng8
1-0

[Event "Prvenstvo SSFBiH 2015"]
[Site "Lukavac"]
[Date "2016.04.01"]
[Round "2.4"]
[White "Sinanovic, Ermin"]
[Black "Vajic, Goran"]
[Result "1/2-1/2"]
[WhiteElo "2118"]
[BlackElo "2306"]
[PlyCount "127"]
[EventDate "2016.03.31"]

1. f4 d5 2. Nf3 Nc6 3. b3 Bg4 4. e3 e5 5. Be2 exf4 6. O-O Nf6 7. Nd4 Bd7 8. Nc3
Nxd4 9. exd4 Bd6 10. d3 O-O 11. Bxf4 Bxf4 12. Rxf4 Qe7 13. Qd2 Rae8 14. Re1 Qd6
15. Rff1 Re7 16. Rf4 Rfe8 17. Ref1 b5 18. a3 a5 19. Bd1 b4 20. axb4 axb4 21.
Na4 Bxa4 22. bxa4 Rb8 23. Qf2 Ra8 24. g4 h6 25. h4 Qe6 26. Rf5 c6 27. g5 hxg5
28. hxg5 Nh7 29. Qf4 Qe3+ 30. Qxe3 Rxe3 31. Rxf7 Rg3+ 32. Kh2 Rxg5 33. Rb7 Nf6
34. Rg1 Rxg1 35. Kxg1 Rxa4 36. Kf2 Ra1 37. Bf3 Rc1 38. Rxb4 Rxc2+ 39. Ke3 g5
40. Rb1 Kf7 41. Bd1 Rh2 42. Ba4 Nh5 43. Rf1+ Nf4 44. Bxc6 Ke6 45. Rxf4 gxf4+
46. Kxf4 Kd6 47. Be8 Re2 48. Bb5 Re7 49. Ba4 Ra7 50. Bd1 Ra1 51. Bf3 Re1 52.
Bg4 Ra1 53. Ke3 Ra8 54. Kf4 Rf8+ 55. Bf5 Rf7 56. Kg5 Kc6 57. Kf4 Re7 58. Bh3
Rb7 59. Be6 Rg7 60. Bf5 Rg1 61. Bh3 Rh1 62. Bg2 Rh2 63. Bf3 Rh4+ 64. Ke5
1/2-1/2